1521 1732 1890 1085 1873 1553 1505 1464 1705 1919 1081 1857 1933 1605 1513 1756 1002 1569 1373 1614 1875 1059 1707 1302 1129 1030 1825 1084 1236 1210 1603 1783 1453 1498 1005 1073 1279 1259 1657 1396 1783 1998 1315 1365 1771 1300 1542 1979 1434 1822 1588 1320 1027 1853 1141 1470 1676 1531 1549 1542 1472 1693 1926 1008 1148 1800 1725 1604 1699 1437 1706 1765 1375 1373 1191 1243 1758 1677 1608 1042 1515 1494 1961 1993 1555 1500 1337 1643 1561 1635 1931 1415 1815 1370 1777 1180 1254 1532 1773 BCNSPRNW ULIB Ver.6.0+V

เปลี่ยนเป็นภาษาไทย

Change to English
 แสดงรายละเอียดบรรณานุกรม
  กลับหน้าหลัก

Brief Record : Get Marc (ISO 2709) : E-mail record : QR code < ปิดหน้าต่าง
LEADER : 00000nam 2200000uu 4500
001    13399124746
003     ULIB
008    160215s2558||||th 000 0 tha d
020    9786161126940
060    WS103^bค695
110 1  สำนักโภชนาการ กรมอนามัย กระทรวงสาธารณสุข
245 10 การใช้มาตรฐานการเจริญเติบโตขององค์การอนามัยโลก ปี คศ.2006 ในเด็กแรกเกิด - 5 ปี/^cสำนักโภชนาการ กรมอนามัย กระทรวงสาธารณสุข
260    นนทบุรี :^bสำนักโภชนาการ กรมอนามัย กระทรวงสาธารณสุข, ^c2558
300    126 หน้า :^bภาพประกอบ
650    โภชนาการเด็ก
650    เด็ก^xการเจริญเติบโต
650    พัฒนาการของเด็ก
710    ^aกระทรวงสาธารณสุข^bสำนักโภชนาการ กรมอนามัย
945    ^p0^l0^i000296
945    ^p0^l0^i000297
945    ^p0^l0^i000298
945    ^p0^l0^i000299
945    ^p0^l0^i000300
945    ^p0^l0^i000301
945    ^p0^l0^i000302
945    ^p0^l0^i000303
945    ^p0^l0^i000304
945    ^p0^l0^i000305
999    ^aเกษร โพธิ์สุวรรณ
รายการนี้ยังไม่มีแท็ก
คุณยังไม่ได้ล็อกอิน คุณสามารถมีกิจกรรมร่วมกับเว็บไซต์ได้ แต่ต้องล็อกอินก่อน ::
  ล็อกอิน

รายการสื่อสารสนเทศ

ลำดับที่ ประเภท เลขเรียก/บาร์โค้ด สถานที่ สถานะ
1. วิทยาศาสตร์การแพทย์ และสุขภาพ
วิทยาศาสตร์การแพทย์ และสุขภาพ
สถานะ=หนังสือเก่า
WS103 ค695 ฉ.1 
  Barcode: 000296
ห้องสมุดวิทยาเขตสวรรค์ประชารักษ์
►ส่วนจัดเก็บหนังสือเก่า สปร
บนชั้น
  ขอยืม
2. วิทยาศาสตร์การแพทย์ และสุขภาพ
วิทยาศาสตร์การแพทย์ และสุขภาพ
สถานะ=หนังสือเก่า
WS103 ค695 ฉ.10 
  Barcode: 000305
ห้องสมุดวิทยาเขตสวรรค์ประชารักษ์
►ส่วนจัดเก็บหนังสือเก่า สปร
บนชั้น
  ขอยืม
3. วิทยาศาสตร์การแพทย์ และสุขภาพ
วิทยาศาสตร์การแพทย์ และสุขภาพ
สถานะ=หนังสือเก่า
WS103 ค695 ฉ.2 
  Barcode: 000297
ห้องสมุดวิทยาเขตสวรรค์ประชารักษ์
►ส่วนจัดเก็บหนังสือเก่า สปร
บนชั้น
  ขอยืม
4. วิทยาศาสตร์การแพทย์ และสุขภาพ
วิทยาศาสตร์การแพทย์ และสุขภาพ
สถานะ=หนังสือเก่า
WS103 ค695 ฉ.3 
  Barcode: 000298
ห้องสมุดวิทยาเขตสวรรค์ประชารักษ์
►ส่วนจัดเก็บหนังสือเก่า สปร
บนชั้น
  ขอยืม
5. วิทยาศาสตร์การแพทย์ และสุขภาพ
วิทยาศาสตร์การแพทย์ และสุขภาพ
สถานะ=หนังสือเก่า
WS103 ค695 ฉ.4 
  Barcode: 000299
ห้องสมุดวิทยาเขตสวรรค์ประชารักษ์
►ส่วนจัดเก็บหนังสือเก่า สปร
บนชั้น
  ขอยืม
6. วิทยาศาสตร์การแพทย์ และสุขภาพ
วิทยาศาสตร์การแพทย์ และสุขภาพ
สถานะ=หนังสือเก่า
WS103 ค695 ฉ.5 
  Barcode: 000300
ห้องสมุดวิทยาเขตสวรรค์ประชารักษ์
►ส่วนจัดเก็บหนังสือเก่า สปร
บนชั้น
  ขอยืม
7. วิทยาศาสตร์การแพทย์ และสุขภาพ
วิทยาศาสตร์การแพทย์ และสุขภาพ
สถานะ=หนังสือเก่า
WS103 ค695 ฉ.6 
  Barcode: 000301
ห้องสมุดวิทยาเขตสวรรค์ประชารักษ์
►ส่วนจัดเก็บหนังสือเก่า สปร
บนชั้น
  ขอยืม
8. วิทยาศาสตร์การแพทย์ และสุขภาพ
วิทยาศาสตร์การแพทย์ และสุขภาพ
สถานะ=หนังสือเก่า
WS103 ค695 ฉ.7 
  Barcode: 000302
ห้องสมุดวิทยาเขตสวรรค์ประชารักษ์
►ส่วนจัดเก็บหนังสือเก่า สปร
บนชั้น
  ขอยืม
9. วิทยาศาสตร์การแพทย์ และสุขภาพ
วิทยาศาสตร์การแพทย์ และสุขภาพ
สถานะ=หนังสือเก่า
WS103 ค695 ฉ.8 
  Barcode: 000303
ห้องสมุดวิทยาเขตสวรรค์ประชารักษ์
►ส่วนจัดเก็บหนังสือเก่า สปร
บนชั้น
  ขอยืม
10. วิทยาศาสตร์การแพทย์ และสุขภาพ
วิทยาศาสตร์การแพทย์ และสุขภาพ
สถานะ=หนังสือเก่า
WS103 ค695 ฉ.9 
  Barcode: 000304
ห้องสมุดวิทยาเขตสวรรค์ประชารักษ์
►ส่วนจัดเก็บหนังสือเก่า สปร
บนชั้น
  ขอยืม

รายการใกล้เคียง
    หัวเรื่อง [โภชนาการเด็ก]
    หัวเรื่อง [พัฒนาการของเด็ก]

BibComment


ยังไม่เคยถูกคอมเมนท์

คอมเมนท์ทรัพยากรรายการนี้
  คอมเมนท์: การใช้มาตรฐานการเ..


 Copyright 2026. Bcnsprnw @Library